000 00616nam a2200205 a 4500
003 OSt
005 20240226125409.0
008 180219t2011 pk | |||| 00| j urd d
020 _a9789693500868
040 _c0
082 _a891.4393
_bBAN 2011
100 1 _aبانوقدسیہ
_9121226
245 1 0 _aبازگشت
_cBano Qudsia
246 _aBaazgusht
260 _aLahore:
_bSang e Meel Pub;
_c2011.
300 _a299 p.
650 _aUrdu literature
_vShort Stories
_91444
942 _2ddc
_cBK
_aSADA
_k891.4393 BAN 2011
999 _c608190
_d608190